| 000 | 01076nam a2200229Ia 4500 | ||
|---|---|---|---|
| 003 | GCL | ||
| 008 | 140319s9999 xx 000 0 ara d | ||
| 020 | _a6274281977 | ||
| 040 |
_aGCL / _cGCL |
||
| 082 | 0 | 4 |
_aق _b962.066 _bهـ م |
| 100 | 1 | _aهدى جمال عبدالناصر | |
| 245 | 1 | 0 |
_aالمجموعة الكاملة لخطب وتصريحات الرئيس جمال عبدالناصر : المجلد الاول : فى الفترة من يناير 1967 الى سبتمبر 1970 / _cهدى جمال عبدالناصر |
| 250 | _aالاولى | ||
| 260 |
_aالقاهرة : _bالمكتبة الاكاديمية ، _c2005 |
||
| 300 |
_a914 ص ؛ _c24 سم |
||
| 650 | 0 | 4 | _aمصر - تاريخ - العصر الحديث - جمال عبدالناصر ( 1954-1970 ) |
| 650 | 0 | 4 | _aجمال عبدالناصر - الخطب |
| 650 | 0 | 4 | _aمصر - رؤساء الجمهورية |
| 650 | 0 | 4 | _aمصر - تاريخ - العصر الحديث - ثورة 23 يوليو 1952 |
| 650 | 0 | 4 | _aمصر - الاصلاح الزراعى - جمال عبدالناصر |
| 942 |
_2ddc _cBK |
||
| 999 |
_c9832 _d9832 |
||